书目信息 |
| 题名: |
工业水污染控制
|
|
| 作者: | 艾肯费尔德 著 | |
| 分册: | ||
| 出版信息: | 北京 清华大学出版社 2002.02 |
|
| 页数: | 586页 | |
| 开本: | 20cm | |
| 丛书名: | ||
| 单 册: | ||
| 中图分类: | X703 | |
| 科图分类: | ||
| 主题词: | 废物 , 废物处理 , 废物综合利用 | |
| 电子资源: | ||
| ISBN: | 7-302-05134-8 | |
| 000 | 00615nam0 2200217 450 | |
| 001 | 0541414575 | |
| 005 | 20050611113014.57 | |
| 010 | @a7-302-05134-8@d48.00CNY | |
| 100 | @a20050611d2002 km y0chiy0120 ea | |
| 101 | 0 | @achi |
| 102 | @aCN@b110000 | |
| 200 | 1 | @a工业水污染控制@Agong ye shui wu ran kong zhi@f(美)艾肯费尔德著@F(mei)ai ken fei er de zhu |
| 210 | @a北京@c清华大学出版社@d2002.02 | |
| 215 | @a586页@d20cm | |
| 606 | 0 | @a废物 |
| 606 | 0 | @a废物处理 |
| 606 | 0 | @a废物综合利用 |
| 690 | @aX703@v3 | |
| 701 | 0 | @a艾肯费尔德@Aai ken fei er de@4著 |
| 801 | 0 | @aCN@bPFT@c20050611 |
| 905 | @a10447@dX703@eA360 | |
| 工业水污染控制/(美)艾肯费尔德著.-北京:清华大学出版社,2002.02 |
| 586页;20cm |
| ISBN 7-302-05134-8:48.00CNY |
| ● |
| 相关链接 |
|
|
|
正题名:工业水污染控制
索取号:X703/A360
 
预约/预借
| 序号 | 登录号 | 条形码 | 馆藏地/架位号 | 状态 | 备注 |
| 1 | 536950 | 205369509 | 自科库501/501自科库 104排1列1层/ [索取号:X703/A360] | 在馆 | |
| 2 | 536951 | 205369518 | 自科二线504/501自科库 104排1列1层/ [索取号:X703/A360] | 在馆 | |
| 3 | 536952 | 205369527 | 自科二线504/504自科库 41排4列6层/ [索取号:X703/A360] | 在馆 |